000
00238nam a2200097Ia 4500
001
768139
005
20250826165413.0
008
250824s9999 xx 000 0 und d
245
0
_a
SAVAŞÇI
_c
DOĞAN CÜCELOĞLU
260
_b
REMZİ KİTABEVİ
999
_c
768139
_d
768139